[Event "15th Asian-ch"]
[Site "Chengdu CHN"]
[Date "2017.05.19"]
[Round "8"]
[White "Zhang Ziji"]
[Black "Gomez, John Paul"]
[Result "1/2-1/2"]
[WhiteElo "2312"]
[BlackElo "2474"]
[EventDate "2017.05.12"]
[PlyCount "157"]

1.d4 Nf6 2.c4 c5 3.d5 b5 4.cxb5 a6 5.bxa6 g6 6.Nc3 Bxa6 7.Nf3 Bg7 8.e4 
Bxf1 9.Kxf1 d6 10.g3 O-O 11.Kg2 Nbd7 12.Qc2 Ra6 13.a4 Qa8 14.Nb5 Rc8 15.
Bd2 c4 16.Be3 e6 17.dxe6 fxe6 18.Nc3 Nc5 19.Bxc5 Rxc5 20.Rhd1 d5 21.exd5 
Nxd5 22.Qe2 Bxc3 23.bxc3 Nxc3 24.Qe3 Nxd1 25.Qxc5 Nb2 26.Rb1 Rc6 27.Qe5 c3
28.Rxb2 cxb2 29.Qxb2 Rc8 30.Qe2 Qd5 31.Qe3 Rb8 32.Qc3 Rf8 33.h4 Qe4 34.Qb3
h6 35.a5 g5 36.hxg5 hxg5 37.Qe3 Qxe3 38.fxe3 Rf5 39.a6 Ra5 40.a7 g4 41.Ne5
Ra2+ 42.Kf1 Kg7 43.Nxg4 Kg6 44.Nf2 Rxa7 45.Ke2 Rf7 46.e4 Kg5 47.Ke3 Rg7 
48.Kf3 Rg8 49.Ke3 Ra8 50.Nh3+ Kg4 51.Nf4 e5 52.Nd3 Ra5 53.Kf2 Rb5 54.Ke2 
Kxg3 55.Ke3 Ra5 56.Ke2 Kg4 57.Ke3 Kg5 58.Ke2 Kf6 59.Ke3 Ke6 60.Ke2 Kd6 61.
Ne1 Kc5 62.Nf3 Kc4 63.Ke3 Kc3 64.Ke2 Kc2 65.Ke3 Kd1 66.Kf2 Rc5 67.Ke3 Kc2 
68.Ke2 Rc4 69.Ke3 Rc3+ 70.Ke2 Rc5 71.Ne1+ Kc3 72.Nf3 Kc4 73.Ke3 Ra5 74.Ke2
Rb5 75.Ke3 Rb3+ 76.Ke2 Rxf3 77.Kxf3 Kd4 78.Kf2 Kxe4 79.Ke2 1/2-1/2

[Event "15th Asian-ch"]
[Site "Chengdu CHN"]
[Date "2017.05.19"]
[Round "8"]
[White "Atabaev, Saparmyrat"]
[Black "Yeoh Li Tian"]
[Result "1-0"]
[WhiteElo "2422"]
[BlackElo "2470"]
[EventDate "2017.05.12"]
[PlyCount "67"]

1.d4 Nf6 2.Nf3 d5 3.c4 c6 4.g3 dxc4 5.Bg2 Nbd7 6.Qc2 Nb6 7.O-O g6 8.e4 Bg7
9.Bf4 Bg4 10.Be3 Nfd7 11.Nbd2 O-O 12.a4 Bxf3 13.Nxf3 a5 14.Rab1 Qc7 15.b3 
c5 16.Bf4 Qc6 17.d5 cxb3 18.Qxb3 Qxa4 19.Qxa4 Nxa4 20.Rxb7 Nf6 21.Nd2 Nc3 
22.Be5 Ne2+ 23.Kh1 a4 24.Bf3 Nd4 25.Bxd4 cxd4 26.e5 a3 27.Ra1 Nh5 28.Rxe7 
a2 29.d6 Ra5 30.Nc4 Rc5 31.d7 Bh6 32.Re8 Bg5 33.Rxa2 Rxc4 34.Raa8 1-0

[Event "15th Asian-ch"]
[Site "Chengdu CHN"]
[Date "2017.05.19"]
[Round "8"]
[White "Xu Yi"]
[Black "Dai Changren"]
[Result "0-1"]
[WhiteElo "2456"]
[BlackElo "2418"]
[EventDate "2017.05.12"]
[PlyCount "94"]

1.e4 c5 2.Nf3 Nc6 3.Bb5 Nf6 4.Nc3 a6 5.Bxc6 dxc6 6.h3 Qc7 7.d3 e5 8.Be3 h6
9.O-O g5 10.Nh2 Be6 11.Qf3 Nd7 12.Ne2 O-O-O 13.Ng3 Bd6 14.a3 Nf8 15.Nf5 
Ng6 16.g3 Ne7 17.b4 Nxf5 18.exf5 Bd5 19.Qe2 e4 20.dxe4 Bxe4 21.Bxc5 Bxg3 
22.Qxe4 Bxh2+ 23.Kh1 Rhe8 24.Qg2 Bf4 25.Rae1 Re5 26.f6 Rd2 27.Rd1 Qd7 28.
Rxd2 Qxd2 29.Bb6 Qe2 30.Qg4+ Qxg4 31.hxg4 Kd7 32.Kg2 Ke6 33.Rh1 Re2 34.c3 
Be5 35.Rxh6 Re4 36.f3 Re2+ 37.Kf1 Rc2 38.Bd8 Rxc3 39.Ke2 Rxa3 40.Rh8 Bd6 
41.Rg8 Bxb4 42.Rxg5 Ra2+ 43.Kf1 Rd2 44.Rg8 a5 45.g5 a4 46.Re8+ Kf5 47.Be7 
c5 0-1

[Event "15th Asian-ch"]
[Site "Chengdu CHN"]
[Date "2017.05.19"]
[Round "8"]
[White "Chen Fan"]
[Black "Liu Guanchu"]
[Result "1/2-1/2"]
[WhiteElo "2326"]
[BlackElo "2448"]
[EventDate "2017.05.12"]
[PlyCount "40"]

1.e4 e6 2.d4 d5 3.Nc3 Nf6 4.e5 Nfd7 5.f4 c5 6.Nf3 Nc6 7.Be3 Be7 8.Qd2 a6 
9.a3 O-O 10.dxc5 Nxc5 11.Be2 b5 12.Nd4 Bb7 13.Nxc6 Bxc6 14.Bd4 Ne4 15.Qe3 
f5 16.Bd3 b4 17.axb4 Bxb4 18.O-O Bxc3 19.bxc3 Bb5 20.Ra3 Qd7 1/2-1/2

[Event "15th Asian-ch"]
[Site "Chengdu CHN"]
[Date "2017.05.19"]
[Round "8"]
[White "Zhou Jianchao"]
[Black "Kakabaev, Mergen"]
[Result "1/2-1/2"]
[WhiteElo "2617"]
[BlackElo "2350"]
[EventDate "2017.05.12"]
[PlyCount "131"]

1.d4 d5 2.c4 c6 3.Nf3 Nf6 4.Nc3 e6 5.e3 Nbd7 6.Be2 Bd6 7.O-O b6 8.cxd5 
exd5 9.Qc2 Bb7 10.e4 dxe4 11.Nxe4 Nxe4 12.Qxe4+ Qe7 13.Qc2 O-O 14.Bg5 Nf6 
15.Rae1 Bb4 16.Rd1 h6 17.Bh4 Rac8 18.Bc4 b5 19.Bb3 c5 20.Qf5 Qe4 21.Bc2 
Qxf5 22.Bxf5 Rcd8 23.Bxf6 gxf6 24.a3 Ba5 25.dxc5 Bxf3 26.gxf3 Rxd1 27.Rxd1
Rd8 28.Rxd8+ Bxd8 29.Kg2 Bc7 30.f4 Bxf4 31.Kf3 Be5 32.b3 Kf8 33.Ke4 Ke7 
34.Kd5 Bb2 35.Kc6 Bxa3 36.Kxb5 Kd8 37.b4 Kc7 38.Bg4 Bb2 39.Bh5 Bd4 40.f3 
f5 41.Bxf7 f4 42.Kc4 Bf2 43.b5 Bg1 44.h3 Bf2 45.Kd5 Bh4 46.Ke5 Be7 47.c6 
Bg5 48.Be6 a6 49.bxa6 Kxc6 50.Kf5 Kb6 51.Bc4 Ka7 52.Bf1 Kb6 53.Kg4 Ka7 54.
h4 Bd8 55.Kxf4 Bxh4 56.Kf5 Be7 57.Kg6 Bf8 58.f4 Kb6 59.f5 Ka7 60.f6 Kb6 
61.Kf7 Ba3 62.Kg7 h5 63.f7 h4 64.f8=Q Bxf8+ 65.Kxf8 h3 66.Bxh3 1/2-1/2

[Event "15th Asian-ch"]
[Site "Chengdu CHN"]
[Date "2017.05.19"]
[Round "8"]
[White "Peng Xiongjian"]
[Black "Xu Yinglun"]
[Result "0-1"]
[WhiteElo "2431"]
[BlackElo "2560"]
[EventDate "2017.05.12"]
[PlyCount "120"]

1.d4 d5 2.c4 e6 3.Nc3 Be7 4.Nf3 Nf6 5.Bg5 h6 6.Bh4 O-O 7.e3 b6 8.Be2 Bb7 
9.Bxf6 Bxf6 10.cxd5 exd5 11.b4 c6 12.O-O Qd6 13.Qb3 Nd7 14.Rfd1 a5 15.b5 
c5 16.dxc5 bxc5 17.Rac1 Bxc3 18.Qxc3 a4 19.Qa3 Qb6 20.Bf1 Rfc8 21.Rc2 Nf8 
22.Ne5 Ne6 23.Qd3 Rc7 24.Qf5 c4 25.Rcd2 Re8 26.Rb1 Ng5 27.Nc6 Ne4 28.Rdd1 
Bxc6 29.bxc6 Qxc6 30.Rbc1 Nf6 31.g3 Rb7 32.Bg2 Rb5 33.Rd4 Rc8 34.Qc2 a3 
35.Qc3 Qa6 36.e4 dxe4 37.Rxc4 Re8 38.Rc6 Qa5 39.Qxa5 Rxa5 40.R6c3 g5 41.
Rb3 Rd8 42.Rc2 Rd1+ 43.Bf1 g4 44.Kg2 Kg7 45.Be2 Re1 46.Re3 Ra1 47.Rb3 h5 
48.h3 Re1 49.Re3 Rb1 50.Bc4 Rb2 51.Bb3 Rb5 52.Ree2 R5xb3 53.axb3 a2 54.
Rxb2 gxh3+ 55.Kxh3 a1=Q 56.Kg2 h4 57.gxh4 Nd5 58.Kh2 Qc1 59.b4 Qf4+ 60.Kg1
Qf3 0-1

[Event "15th Asian-ch"]
[Site "Chengdu CHN"]
[Date "2017.05.19"]
[Round "8"]
[White "Bersamina, Paulo"]
[Black "Al-Rakib, Abdullah"]
[Result "1/2-1/2"]
[WhiteElo "2419"]
[BlackElo "2503"]
[EventDate "2017.05.12"]
[PlyCount "65"]

1.e4 e5 2.Nf3 Nc6 3.d4 exd4 4.Bc4 Nf6 5.e5 Ng4 6.O-O Be7 7.Re1 d6 8.exd6 
Qxd6 9.h3 Nf6 10.b3 O-O 11.Ba3 Qd8 12.Bxe7 Nxe7 13.Nxd4 Nf5 14.Nxf5 Bxf5 
15.Qf3 Be4 16.Qg3 c6 17.Qc3 b5 18.Bf1 a5 19.a3 Rb8 20.b4 axb4 21.axb4 Qd6 
22.Qb3 Bd5 23.Qa3 Rfe8 24.Nc3 h6 25.Rxe8+ Rxe8 26.Qa6 Qxb4 27.Nxd5 cxd5 
28.Qxb5 Qc3 29.Ra6 Rc8 30.Qd3 Qe1 31.Qd4 Rb8 32.Ra1 Rb1 33.Rxb1 1/2-1/2

[Event "15th Asian-ch"]
[Site "Chengdu CHN"]
[Date "2017.05.19"]
[Round "8"]
[White "Gonzales, Jayson"]
[Black "Atabaev, Yusup"]
[Result "0-1"]
[WhiteElo "2409"]
[BlackElo "2455"]
[EventDate "2017.05.12"]
[PlyCount "146"]

1.c4 Nf6 2.g3 e6 3.Bg2 d5 4.Nf3 c6 5.b3 Nbd7 6.Bb2 b5 7.O-O Be7 8.Qc2 O-O 
9.d3 Ba6 10.Nbd2 Qb6 11.e4 Rfc8 12.e5 Ne8 13.Rfe1 Rab8 14.h4 g6 15.Bd4 c5 
16.Be3 Ng7 17.Bf4 Bb7 18.Bh3 Nf5 19.Qd1 Qc6 20.Bg2 Nb6 21.g4 Ng7 22.Bh6 
Rd8 23.Qe2 dxc4 24.dxc4 bxc4 25.bxc4 Rd4 26.Bh3 Rxd2 27.Bxd2 Qxf3 28.Qxf3 
Bxf3 29.Bg5 Bf8 30.Re3 Bc6 31.Rb1 Ne8 32.Ra3 Ra8 33.Bf1 Nd7 34.Bf4 Bg7 35.
Ra6 Be4 36.Re1 Bb7 37.Ra5 Kf8 38.g5 Nc7 39.Bg3 Ke8 40.f4 Bf8 41.Bf2 Kd8 
42.Rb1 Be4 43.Rb3 a6 44.Bg2 Bxg2 45.Kxg2 Kc8 46.Kf3 Ne8 47.Rba3 Kb7 48.Ke4
Ng7 49.Rh3 Nb6 50.Rc3 Kc6 51.Raa3 Be7 52.Rc2 h5 53.Be1 Ne8 54.Ba5 Bd8 55.
Rd3 Bc7 56.Bxb6 Bxb6 57.Rcd2 Ra7 58.Kf3 Re7 59.Ra3 a5 60.Rad3 Bc7 61.a4 
Ng7 62.Kg2 Nf5 63.Kh3 Nd4 64.Rb2 Re8 65.Kg2 Nf5 66.Kh3 Ne7 67.Rbd2 Nc8 68.
Rd7 Rf8 69.Kg3 Nb6 70.Re7 Bb8 71.Kf3 Nxa4 72.Rdd7 Nb6 73.Rb7 a4 0-1

[Event "15th Asian-ch"]
[Site "Chengdu CHN"]
[Date "2017.05.19"]
[Round "8"]
[White "Fang Yan"]
[Black "Lin Yi"]
[Result "1/2-1/2"]
[WhiteElo "2443"]
[BlackElo "2397"]
[EventDate "2017.05.12"]
[PlyCount "39"]

1.e4 e5 2.Nf3 Nf6 3.Nxe5 d6 4.Nf3 Nxe4 5.d3 Nf6 6.d4 d5 7.Bd3 Bd6 8.Qe2+ 
Qe7 9.Qxe7+ Bxe7 10.O-O O-O 11.Re1 Re8 12.Bf4 c6 13.Nbd2 h6 14.h3 Be6 15.
Ne5 Nbd7 16.Ndf3 Nxe5 17.Nxe5 Nd7 18.Nxd7 Bxd7 19.c3 Bf8 20.Kf1 1/2-1/2

[Event "15th Asian-ch"]
[Site "Chengdu CHN"]
[Date "2017.05.19"]
[Round "8"]
[White "Sriram, Jha"]
[Black "Xu Minghui"]
[Result "1/2-1/2"]
[WhiteElo "2390"]
[BlackElo "2286"]
[EventDate "2017.05.12"]
[PlyCount "61"]

1.d4 Nf6 2.Nf3 g6 3.g3 Bg7 4.Bg2 d5 5.O-O O-O 6.c4 c6 7.Nbd2 Bf5 8.b3 Ne4 
9.Bb2 Nd7 10.Nh4 Nxd2 11.Qxd2 Be6 12.cxd5 cxd5 13.Qb4 Rb8 14.Nf3 h6 15.
Rac1 Bf5 16.Ne5 Nf6 17.Qc5 a6 18.Ba3 Re8 19.Qc7 Bf8 20.h3 h5 21.e3 Kg7 22.
Bb4 Qxc7 23.Rxc7 Rec8 24.Rfc1 Rxc7 25.Rxc7 Ne8 26.Rc3 f6 27.Nd3 Bxd3 28.
Rxd3 e6 29.Bxf8+ Kxf8 30.Rc3 Ke7 31.Kf1 1/2-1/2

[Event "15th Asian-ch"]
[Site "Chengdu CHN"]
[Date "2017.05.19"]
[Round "8"]
[White "Atabaev, Maksat"]
[Black "Pang Tao"]
[Result "1-0"]
[WhiteElo "2519"]
[BlackElo "2193"]
[EventDate "2017.05.12"]
[PlyCount "101"]

1.e4 e6 2.Qe2 c5 3.Nf3 Nc6 4.g3 g6 5.Bg2 Bg7 6.O-O Nge7 7.d3 O-O 8.c3 e5 
9.a3 d5 10.b4 d4 11.bxc5 dxc3 12.Nxc3 Qa5 13.Qb2 Qxc5 14.Be3 Qa5 15.Nd2 
Qd8 16.Nd5 b6 17.Rac1 Bb7 18.Nc4 Qd7 19.Bh6 f6 20.Bxg7 Kxg7 21.f4 exf4 22.
Nxf4 Qd4+ 23.Qxd4 Nxd4 24.Nd6 Bc6 25.Rc4 g5 26.Rxd4 gxf4 27.gxf4 Rfd8 28.
Kf2 Kf8 29.e5 Bxg2 30.Kxg2 Rac8 31.Kf3 Rc5 32.Ke4 Rc2 33.Rc4 Re2+ 34.Kf3 
Rxh2 35.Rc7 Rd2 36.Ke3 Nd5+ 37.Kxd2 Nxc7 38.Ke3 Ke7 39.Ke4 Ne6 40.d4 Rg8 
41.Rh1 fxe5 42.Rxh7+ Kxd6 43.fxe5+ Kc6 44.d5+ Kb5 45.dxe6 a5 46.Kd5 Ka4 
47.Rh3 b5 48.e7 b4 49.axb4 axb4 50.Ke6 b3 51.Kf7 1-0

[Event "15th Asian-ch"]
[Site "Chengdu CHN"]
[Date "2017.05.19"]
[Round "8"]
[White "Odeev, Handszar"]
[Black "Zhu Jiner"]
[Result "1/2-1/2"]
[WhiteElo "2417"]
[BlackElo "2184"]
[EventDate "2017.05.12"]
[PlyCount "104"]

1.Nf3 Nf6 2.g3 e6 3.Bg2 d5 4.O-O c5 5.c4 d4 6.b4 cxb4 7.a3 Nc6 8.Qa4 Bd7 
9.axb4 Bxb4 10.Nxd4 Nxd4 11.Qxb4 Nxe2+ 12.Kh1 Nxc1 13.Rxc1 Bc6 14.Bxc6+ 
bxc6 15.Qc5 Qc7 16.Nc3 Rd8 17.Rxa7 Qd6 18.Qxd6 Rxd6 19.Ra8+ Rd8 20.Rxd8+ 
Kxd8 21.Ra1 Re8 22.Kg2 Re7 23.Ra8+ Kc7 24.Ra7+ Kd8 25.Ra8+ Kc7 26.Kf3 Rd7 
27.Ke2 Kd6 28.Ra5 Rb7 29.h3 e5 30.g4 h6 31.f3 Ke6 32.Ra6 Kd6 33.Ra5 Ke6 
34.h4 Rb4 35.Kd3 h5 36.g5 Nd7 37.Ne4 Rb3+ 38.Ke2 Rb4 39.Kd3 Rb3+ 40.Ke2 
Rb4 41.Ra8 Rxc4 42.Re8+ Kd5 43.Rd8 Ke6 44.Re8+ Kd5 45.Re7 Nc5 46.Nxc5 Kxc5
47.Rxf7 Rxh4 48.Rxg7 e4 49.fxe4 Rxe4+ 50.Kd3 Rg4 51.g6 h4 52.Rh7 Rxg6 
1/2-1/2

[Event "15th Asian-ch"]
[Site "Chengdu CHN"]
[Date "2017.05.19"]
[Round "8"]
[White "Chen Qi B"]
[Black "Tran Minh Thang"]
[Result "0-1"]
[WhiteElo "2362"]
[BlackElo "2409"]
[EventDate "2017.05.12"]
[PlyCount "150"]

1.e4 c5 2.Nf3 e6 3.Nc3 a6 4.Be2 d6 5.O-O b5 6.d4 cxd4 7.Qxd4 Bb7 8.Rd1 Qc7
9.h3 Nf6 10.Bg5 Nbd7 11.a3 Be7 12.Qe3 Rc8 13.Bd3 O-O 14.Bh4 Rfe8 15.Re1 
Ne5 16.Bg3 Nc4 17.Bxc4 Qxc4 18.e5 dxe5 19.Nxe5 Qc7 20.Ng6 Bd6 21.Bxd6 Qxd6
22.Nh4 Nd5 23.Nxd5 Qxd5 24.c3 Qh5 25.Nf3 Bxf3 26.Qxf3 Qxf3 27.gxf3 Red8 
28.Re4 Rd2 29.Rb4 Rc4 30.a4 Rxb4 31.cxb4 g5 32.axb5 axb5 33.Ra8+ Kg7 34.
Rb8 Rd5 35.Rb7 Kg6 36.Kg2 h5 37.Rb6 Kf5 38.Rb7 f6 39.Rb6 h4 40.Rc6 Re5 41.
Rc5 Kf4 42.Rc6 Kf5 43.Rc5 Rd5 44.Rc6 Ke5 45.Rb6 f5 46.Rc6 Kf6 47.Rb6 Ke7 
48.Rb7+ Kd6 49.Rb6+ Kd7 50.Kf1 Re5 51.b3 Ke7 52.Rb7+ Kf6 53.Rb6 Rd5 54.Ke2
g4 55.fxg4 fxg4 56.Kf1 gxh3 57.Kg1 Rf5 58.Kh2 Rxf2+ 59.Kxh3 Rf5 60.Rb7 Rd5
61.Rb8 Ke7 62.Kg2 Kd6 63.Rb6+ Ke5 64.Kh3 Kd4 65.Rc6 e5 66.Kxh4 e4 67.Kg3 
e3 68.Kf3 Kd3 69.Re6 Rf5+ 70.Kg2 e2 71.Rd6+ Kc3 72.Re6 Kd2 73.Rd6+ Ke1 74.
Re6 Rd5 75.Kf3 Rd3+ 0-1

[Event "15th Asian-ch"]
[Site "Chengdu CHN"]
[Date "2017.05.19"]
[Round "8"]
[White "Nguyen Huynh Minh Huy"]
[Black "Wang Shixu B"]
[Result "0-1"]
[WhiteElo "2406"]
[BlackElo "2187"]
[EventDate "2017.05.12"]
[PlyCount "42"]

1.d4 d5 2.c4 e6 3.Nc3 Be7 4.Bf4 Nf6 5.e3 O-O 6.Rc1 b6 7.Nf3 Bb7 8.cxd5 
Nxd5 9.Nxd5 Qxd5 10.Rxc7 Bb4+ 11.Nd2 Na6 12.Rc2 Rac8 13.a3 Rxc2 14.Qxc2 
Rc8 15.Qd1 Bxd2+ 16.Qxd2 Qa2 17.e4 Qb1+ 18.Qd1 Qxb2 19.Be2 Rc2 20.f3 Nc7 
21.Bxc7 Rc1 0-1

[Event "15th Asian-ch"]
[Site "Chengdu CHN"]
[Date "2017.05.19"]
[Round "8"]
[White "Zou Chen"]
[Black "Andyka, Pitra"]
[Result "0-1"]
[WhiteElo "2320"]
[BlackElo "2358"]
[EventDate "2017.05.12"]
[PlyCount "106"]

1.e4 c5 2.Nf3 e6 3.d4 cxd4 4.Nxd4 Nc6 5.Nc3 Qc7 6.g3 a6 7.Bg2 Nge7 8.O-O 
Nxd4 9.Qxd4 Nc6 10.Qd1 Be7 11.Be3 O-O 12.Qd3 d6 13.Rfd1 Ne5 14.a4 Nc4 15.
Bc1 Bf6 16.Qf3 Bd7 17.Bf1 Ne5 18.Qe2 Rac8 19.Ra3 Rfd8 20.Rb3 Bc6 21.Bf4 d5
22.exd5 exd5 23.Bh3 Ra8 24.Bg2 d4 25.Ne4 Be7 26.Rbd3 Bxa4 27.Rxd4 Bb5 28.
Qd2 Rxd4 29.Qxd4 Rd8 30.Qxd8+ Bxd8 31.Bxe5 Qe7 32.Bd6 Qe8 33.Re1 Qd7 34.
Bb4 h6 35.h4 Bb6 36.b3 Bc6 37.c4 Qd3 38.c5 Qxb3 39.Bc3 Bxc5 40.Be5 Bb6 41.
Bf4 Qc2 42.Nd2 Bxg2 43.Kxg2 a5 44.Re8+ Kh7 45.Re7 Qc6+ 46.Nf3 Kg8 47.Re2 
a4 48.Be5 a3 49.Ba1 h5 50.Ra2 Bc5 51.Bc3 b5 52.Bd2 b4 53.Be3 b3 0-1

[Event "15th Asian-ch"]
[Site "Chengdu CHN"]
[Date "2017.05.19"]
[Round "8"]
[White "Winkelman, Albert"]
[Black "Wang Ting Hao"]
[Result "1-0"]
[WhiteElo "2029"]
[BlackElo "1652"]
[EventDate "2017.05.12"]
[PlyCount "115"]

1.d4 Nf6 2.c4 e6 3.Nc3 Bb4 4.Nf3 b6 5.Qc2 Bb7 6.a3 Bxc3+ 7.Qxc3 Ne4 8.Qc2 
O-O 9.e3 f5 10.Be2 d6 11.O-O Nd7 12.b4 Ng5 13.Nxg5 Qxg5 14.f3 Rf6 15.c5 
bxc5 16.bxc5 dxc5 17.dxc5 Bc6 18.Rb1 a6 19.Rf2 Rff8 20.Bd2 Qe7 21.Rff1 
Rfd8 22.Ba5 Nf6 23.Qc3 Nd5 24.Qe5 Qxc5 25.Bxc7 Qxe3+ 26.Qxe3 Nxe3 27.Bxd8 
Rxd8 28.Rfc1 Rd2 29.Kf2 Nc2 30.Rd1 Rxd1 31.Rxd1 Nxa3 32.Rd6 Bd5 33.Rxa6 
Nc4 34.Ra4 Nd6 35.Ra7 h6 36.Ke3 Kh7 37.Rd7 Ne8 38.Kf4 Nf6 39.Re7 Kg6 40.
Ke5 Ng8 41.Rc7 Nf6 42.Ba6 Nh7 43.h4 Nf8 44.Bc8 h5 45.Bb7 Bb3 46.g3 Kh6 47.
f4 Nh7 48.Bc8 Nf6 49.Rc3 Ng4+ 50.Kd6 Bd5 51.Bxe6 Bxe6 52.Kxe6 Kg6 53.Rc5 
Ne3 54.Re5 Nc2 55.Kd5 Nb4+ 56.Kc4 Nc2 57.Kc3 Na3 58.Ra5 1-0

[Event "15th Asian-ch"]
[Site "Chengdu CHN"]
[Date "2017.05.20"]
[Round "9"]
[White "Yu Yangyi"]
[Black "Santosh Gujrathi, Vidit"]
[Result "1/2-1/2"]
[WhiteElo "2743"]
[BlackElo "2687"]
[EventDate "2017.05.12"]
[PlyCount "57"]

1.e4 e5 2.Nf3 Nc6 3.Bb5 a6 4.Ba4 Nf6 5.O-O Nxe4 6.d4 b5 7.Bb3 d5 8.dxe5 
Be6 9.Qe2 Be7 10.c3 Nc5 11.Nbd2 O-O 12.Nd4 Nxd4 13.cxd4 Nxb3 14.Nxb3 c5 
15.Nxc5 Bxc5 16.dxc5 d4 17.Qe4 Rc8 18.Bd2 Re8 19.Rfc1 Qd5 20.Qxd5 Bxd5 21.
Bf4 a5 22.h4 a4 23.Rd1 Rxc5 24.Rxd4 h5 25.Kh2 Be6 26.a3 Rc2 27.Rd2 Rec8 
28.Kg3 Kh7 29.Rad1 1/2-1/2

[Event "15th Asian-ch"]
[Site "Chengdu CHN"]
[Date "2017.05.20"]
[Round "9"]
[White "Sadorra, Julio Catalino"]
[Black "Wang Hao"]
[Result "0-1"]
[WhiteElo "2575"]
[BlackElo "2680"]
[EventDate "2017.05.12"]
[PlyCount "66"]

1.d4 Nf6 2.c4 e6 3.Nc3 Bb4 4.g3 O-O 5.Bg2 d5 6.a3 Bxc3+ 7.bxc3 dxc4 8.Qa4 
Bd7 9.Qxc4 Bc6 10.f3 Qd5 11.Qxd5 Nxd5 12.Bd2 Nb6 13.Nh3 N8d7 14.Nf2 e5 15.
e4 Nc4 16.Bc1 Ndb6 17.Nd3 Rfd8 18.Nxe5 Nxe5 19.dxe5 Rd3 20.O-O Nc4 21.f4 
Rad8 22.Rf3 Rxf3 23.Bxf3 Rd3 24.Be2 Rxc3 25.Bxc4 Rxc4 26.Be3 b6 27.Rd1 Kf8
28.Rd8+ Ke7 29.Rg8 Bxe4 30.Rxg7 Rc3 31.Kf2 Rc2+ 32.Ke1 Kf8 33.Rg5 h6 0-1

[Event "15th Asian-ch"]
[Site "Chengdu CHN"]
[Date "2017.05.20"]
[Round "9"]
[White "Bu Xiangzhi"]
[Black "Zhumabaev, Rinat"]
[Result "1-0"]
[WhiteElo "2697"]
[BlackElo "2625"]
[EventDate "2017.05.12"]
[PlyCount "83"]

1.Nf3 c5 2.c4 d6 3.d4 cxd4 4.Nxd4 b6 5.Nc3 Bb7 6.e4 Nf6 7.f3 e6 8.Be2 a6 
9.O-O Be7 10.Be3 O-O 11.Qd2 Nbd7 12.Rac1 Rc8 13.Rfd1 Qc7 14.Kh1 Qb8 15.b4 
Rfe8 16.Bf1 Bd8 17.Bg1 Kh8 18.Na4 Bc7 19.Rc2 h6 20.c5 b5 21.c6 bxa4 22.Qe2
Bb6 23.cxb7 Rxc2 24.Nxc2 Bxg1 25.Kxg1 Qxb7 26.Rxd6 Qc7 27.Rxa6 Rc8 28.Ne3 
Nb6 29.Qd2 Nfd7 30.Ra5 Kg8 31.a3 Rd8 32.Qc2 Qf4 33.Qd2 Qc7 34.Qc2 Qb8 35.
Qc3 Rc8 36.Qd2 Qf4 37.Be2 Rc6 38.g3 Qc7 39.Kf2 Rc3 40.Ra7 Qc6 41.Bb5 Qxb5 
42.Qxc3 1-0

[Event "15th Asian-ch"]
[Site "Chengdu CHN"]
[Date "2017.05.20"]
[Round "9"]
[White "Ganguly, Surya Shekhar"]
[Black "Kasimdzhanov, Rustam"]
[Result "1-0"]
[WhiteElo "2653"]
[BlackElo "2698"]
[EventDate "2017.05.12"]
[PlyCount "127"]

1.Nf3 d5 2.g3 Bg4 3.Bg2 Nd7 4.O-O e6 5.h3 Bxf3 6.Bxf3 g6 7.e4 dxe4 8.Bxe4 
c6 9.d4 Bg7 10.c3 Ne7 11.Qb3 Nf6 12.Bg2 Qd7 13.Nd2 O-O 14.a4 a5 15.Re1 
Rfe8 16.Nf3 Nfd5 17.Bd2 Qc7 18.c4 Nf6 19.Bf4 Qc8 20.Be5 Rd8 21.Qc3 Ne8 22.
Bxg7 Nxg7 23.Ng5 Qc7 24.Rad1 Rac8 25.g4 Rf8 26.Qe3 Rcd8 27.Qe5 Qb6 28.Ne4 
Kh8 29.Nf6 Ng8 30.c5 Qb4 31.h4 Nxf6 32.Qxf6 Kg8 33.h5 Rd7 34.h6 Ne8 35.Qe5
Re7 36.d5 cxd5 37.Rxd5 Qxg4 38.Rd8 f6 39.Qc3 Qxa4 40.Red1 Qf4 41.Qxa5 Qxh6
42.Qb4 Qg7 43.Rb8 Nc7 44.Qxb7 f5 45.Rxf8+ Kxf8 46.b4 Qb2 47.Bc6 Nd5 48.
Qa8+ Kf7 49.Bxd5 Qxb4 50.Bf3 Qxc5 51.Qh8 Rc7 52.Qxh7+ Kf6 53.Qh8+ Kg5 54.
Kg2 Rc8 55.Qh7 Rc7 56.Qg8 e5 57.Rg1 Kf6 58.Bd5 Qd6 59.Qh8+ Ke7 60.Qg7+ Kd8
61.Qg8+ Ke7 62.Rh1 Kf6 63.Qh8+ Rg7 64.Qh4+ 1-0

[Event "15th Asian-ch"]
[Site "Chengdu CHN"]
[Date "2017.05.20"]
[Round "9"]
[White "Bai Jinshi"]
[Black "Adhiban, Baskaran"]
[Result "0-1"]
[WhiteElo "2586"]
[BlackElo "2672"]
[EventDate "2017.05.12"]
[PlyCount "117"]

1.Nf3 Nf6 2.c4 g6 3.Nc3 Bg7 4.d4 O-O 5.e4 d6 6.h3 Na6 7.Bg5 Qe8 8.Be2 e5 
9.d5 Nh5 10.g3 f5 11.exf5 gxf5 12.Nh4 Nf6 13.Qc2 Nb4 14.Qd2 a5 15.a3 Na6 
16.Qc2 Nc5 17.Be3 f4 18.Bxc5 dxc5 19.Ne4 fxg3 20.fxg3 Bh6 21.O-O Nxe4 22.
Qxe4 Bxh3 23.Rxf8+ Qxf8 24.Kh2 Bd7 25.Rf1 Qg7 26.Nf5 Bxf5 27.Rxf5 Re8 28.
Bg4 Kh8 29.Kh3 Bc1 30.Bh5 Rg8 31.Qxe5 Bxb2 32.Qxg7+ Bxg7 33.a4 Bf8 34.Bf7 
Rg7 35.g4 Bd6 36.Rf3 Rg5 37.Rb3 Re5 38.Rxb7 Re3+ 39.Kg2 Re4 40.Ra7 Rxc4 
41.Rxa5 Rxg4+ 42.Kh3 Rb4 43.Be6 c4 44.Ra6 Kg7 45.a5 Kf6 46.Rc6 Ke5 47.Kg4 
Kd4 48.a6 Rb1 49.Kf3 h5 50.Ke2 h4 51.Kd2 Rb2+ 52.Kc1 c3 53.Bc8 Bf4+ 54.Kd1
Rd2+ 55.Ke1 Bg3+ 56.Kf1 Ra2 57.Kg1 Bf4 58.Bf5 c2 59.Rg6 0-1

[Event "15th Asian-ch"]
[Site "Chengdu CHN"]
[Date "2017.05.20"]
[Round "9"]
[White "Maghsoodloo, Parham"]
[Black "Sethuraman, Panayapan"]
[Result "1/2-1/2"]
[WhiteElo "2577"]
[BlackElo "2633"]
[EventDate "2017.05.12"]
[PlyCount "100"]

1.Nf3 c5 2.g3 g6 3.Bg2 Bg7 4.O-O Nc6 5.d3 d5 6.Nbd2 Nf6 7.e4 O-O 8.Re1 e5 
9.exd5 Nxd5 10.Nc4 f6 11.a4 b6 12.Nfd2 Be6 13.f4 Qd7 14.fxe5 fxe5 15.c3 
Rad8 16.Qe2 Nde7 17.Be4 Bg4 18.Nf3 h6 19.Be3 Nd5 20.Qg2 Bh3 21.Bxd5+ Qxd5 
22.Qxh3 Rxf3 23.Bxh6 Rxd3 24.Ne3 Qd7 25.Ng4 Qf5 26.Bxg7 Kxg7 27.Qh6+ Kg8 
28.Qh4 Kg7 29.Rf1 Rh8 30.Rxf5 Rxh4 31.Nxe5 gxf5 32.Nxd3 Re4 33.Nf4 Na5 34.
h4 Nc4 35.b3 Na5 36.Rd1 Nxb3 37.Rd7+ Kh6 38.Rxa7 Re3 39.Kg2 Rxc3 40.Rb7 
Rc2+ 41.Kh3 Nd2 42.Rxb6+ Kh7 43.h5 Ne4 44.g4 Rf2 45.Ne6 fxg4+ 46.Kxg4 c4 
47.Nf4 c3 48.Rc6 Ra2 49.Rc7+ Kh6 50.Rc6+ Kh7 1/2-1/2

[Event "15th Asian-ch"]
[Site "Chengdu CHN"]
[Date "2017.05.20"]
[Round "9"]
[White "Nguyen Ngoc Truong Son"]
[Black "Sengupta, Deep"]
[Result "1/2-1/2"]
[WhiteElo "2632"]
[BlackElo "2586"]
[EventDate "2017.05.12"]
[PlyCount "151"]

1.d4 d5 2.c4 c6 3.Nf3 Nf6 4.e3 e6 5.Bd3 Nbd7 6.b3 Bb4+ 7.Nbd2 Ne4 8.Qc2 f5
9.Bb2 Qf6 10.a3 Bd6 11.b4 O-O 12.Nb3 Qg6 13.O-O Qh5 14.Ne5 Rf6 15.Qe2 Qh4 
16.g3 Qh3 17.f3 Nxg3 18.hxg3 Qxg3+ 19.Qg2 Qh4 20.Qh1 Qg3+ 21.Qg2 Qh4 22.
Qh1 Qg3+ 23.Qg2 Qh4 24.Qh2 Rg6+ 25.Kh1 Rh6 26.Qxh4 Rxh4+ 27.Kg2 Bxe5 28.
dxe5 dxc4 29.Kg3 g5 30.Nd4 cxd3 31.Nxe6 Nxe5 32.Nxg5 Ng6 33.Rh1 f4+ 34.
exf4 Rxh1 35.Rxh1 Bf5 36.Bc3 Ne7 37.Ne4 Rd8 38.Kf2 Kf8 39.Rd1 h5 40.Bf6 
Kf7 41.Be5 b6 42.Ke3 h4 43.Rh1 Ng6 44.Bc3 Rd7 45.Kd2 Kf8 46.Bf6 a5 47.bxa5
bxa5 48.a4 h3 49.Ng3 Rd5 50.Nxf5 Rxf5 51.Bg5 Nxf4 52.Bxf4 Rxf4 53.Rxh3 Ke7
54.Kxd3 Kd6 55.Rh5 Rxa4 56.Kc3 c5 57.Rf5 Rb4 58.f4 a4 59.Rf6+ Kd5 60.f5 
Rb3+ 61.Kc2 Kc4 62.Ra6 Kb5 63.Rf6 Rf3 64.Rf8 Kc4 65.Kb2 Rb3+ 66.Ka2 Kc3 
67.f6 c4 68.Rh8 Rb2+ 69.Ka3 Rf2 70.Kxa4 Kd2 71.f7 Rxf7 72.Rh2+ Kd3 73.Rh3+
Kd4 74.Rh4+ Kd3 75.Rh3+ Kd4 76.Rh4+ 1/2-1/2

[Event "15th Asian-ch"]
[Site "Chengdu CHN"]
[Date "2017.05.20"]
[Round "9"]
[White "Lu Shanglei"]
[Black "Tabatabaei, Mohammadamin"]
[Result "1-0"]
[WhiteElo "2619"]
[BlackElo "2521"]
[EventDate "2017.05.12"]
[PlyCount "71"]

1.e4 c6 2.Nc3 d5 3.Nf3 Nf6 4.d3 dxe4 5.Nxe4 Nxe4 6.dxe4 Qxd1+ 7.Kxd1 Nd7 
8.Bf4 f6 9.Bc4 e5 10.Be3 Bc5 11.Ke2 b5 12.Bd3 Bxe3 13.Kxe3 Nc5 14.b4 Nxd3 
15.cxd3 a5 16.a4 axb4 17.axb5 Rxa1 18.Rxa1 Kd7 19.Ra7+ Kd6 20.bxc6 Kxc6 
21.Rxg7 b3 22.Rf7 b2 23.Rxf6+ Kc5 24.Nd2 Rd8 25.g3 Bh3 26.Ra6 Rb8 27.Ra5+ 
Kb4 28.Rxe5 Rc8 29.Re7 Kc3 30.Rb7 Kc2 31.Nc4 b1=N 32.Rxh7 Bf1 33.Ne5 Nc3 
34.f4 Nd1+ 35.Kf3 Kd2 36.f5 1-0

[Event "15th Asian-ch"]
[Site "Chengdu CHN"]
[Date "2017.05.20"]
[Round "9"]
[White "Wen Yang"]
[Black "Bilguun, Sumiya"]
[Result "1/2-1/2"]
[WhiteElo "2607"]
[BlackElo "2440"]
[EventDate "2017.05.12"]
[PlyCount "101"]

1.d4 d5 2.Nf3 e6 3.c4 Nf6 4.g3 dxc4 5.Bg2 Bb4+ 6.Bd2 a5 7.O-O O-O 8.a4 c6 
9.Qc2 Bxd2 10.Qxd2 b5 11.Na3 Qb6 12.Ne5 Bb7 13.g4 Rd8 14.g5 Nbd7 15.gxf6 
Nxe5 16.Qg5 Ng6 17.e3 h6 18.Qc5 Qxc5 19.dxc5 bxa4 20.Nxc4 Ba6 21.Rfc1 Bxc4
22.Rxc4 Rab8 23.Rcxa4 gxf6 24.Rxa5 Ne7 25.Ra7 Kf8 26.Rc7 Rxb2 27.Bf3 Rbb8 
28.Raa7 Re8 29.Bxc6 Nxc6 30.Rxc6 Rbc8 31.Rcc7 Rxc7 32.Rxc7 Ra8 33.c6 Ra1+ 
34.Kg2 Rc1 35.Kf3 Rc2 36.Kg3 Kg7 37.e4 Rc3+ 38.f3 Rc2 39.Rc8 Kh7 40.Kh3 
Kg7 41.Kg3 Kh7 42.h3 Kg7 43.Kf4 Rc3 44.Kg4 Kh7 45.h4 Kg7 46.h5 Rc5 47.c7 
Rc3 48.Kg3 Rc2 49.f4 Rc3+ 50.Kf2 e5 51.f5 1/2-1/2